00680nam a2200181 a 450000100100000000500170001000800410002702000150006804000250008308200180010810000280012624501070015426000460026130000210030750000800032865000450040865000450045300004413020201002045151.0100914s1974 sp r 000 0bspa d a8420427314 aDO-SdBNPbspacBNPHU a338.98bB734d1 aBoris Rofman, Alejandro10aDependencia, estructura de poder y formación regional en América Latina /cAlejandro Boris Rofman. aMéxico D. F. :bSiglo Veintiuno,c1974. a262 p. ;c17 cm. aIncluye notas y refencias bibliográficas y notas al pie de las páginas. 4aAmerica latinaxCondiciones económicas 4aAmérica latinaxPolítica económica